000 01185nam a2200229Ia 4500
003 Ost
005 20260507075110.0
008 260507s9999||||xx |||||||||||||| ||und||
020 _a5074149957
040 _cfsecg
041 _aara
082 _a330
100 _aاحمد، محمود احمد
_eمؤلف
245 0 _aتسويق الخدمات المصرفية :
_bمدخل نظري تطبيقي /
_c محمود احمد احمد
260 _aعمان:
_bدار البركة للنشر والتوزيع,
_c2001
300 _a405 صفحة؛
_c24 سم
520 _aان الكتاب كما هو موضح في محتوياته يتضمن جانبين أساسيين من الجانب العلمي والجانب التطبيق بحث يأتي متكاملا وشاملا من حيث الطروحات ودراسة الحالة والتحليلات والاستراتيجيات والسياسة الخاصة بتسويق الخدمات المصرفية في عالم أصبحت فيه الصناعة المصرفية تعيش حالة منافسة شديدة .
653 _aالبنوك
653 _aالتسويق
653 _aخدمات مصرفية
942 _cكتاب
999 _c42887
_d42887